Statystyki dla W jakim mieście znajduje się ta dzielnica? #3

Kliknij tutaj aby rozwiązać quiz!

Ogólne statystyki

  • Ten quiz został rozwiązany 7 razy
  • Średni wynik to 6 z 20

Statystyki odpowiedzi

DzielnicaMiasto% Poprawnych
SchönbrunnWiedeń
86%
JózsefvárosBudapeszt
71%
Palermo HollywoodBuenos Aires
43%
Kota TuaDżakarta
43%
MundsburgHamburg
43%
QueensridgeLas Vegas
43%
Centro HistoricoLima
43%
Baseco CompoundManila
43%
Gangnam-GuSeul
43%
Les AlmadiesDakar
29%
SpinningfieldsManchester
29%
Pike Place MarketSeattle
29%
ŻyrmunyWilno
29%
Cherry CreekDenver
14%
Colonia AmericanaGuadalajara
14%
KamppiHelsinki
14%
Costa del EstePanama
14%
Cité OlympiqueTunis
14%
South BankBrisbane
0%
AygedzorErywań
0%

Rozkład punktacji

Percentyl według liczby udzielonych odpowiedzi

Procent ludzi z każdym wynikiem

Twoja historia wyników

Nie rozwiązałeś tego quizu